Представление документа в формате MARC21

Поле Инд. ПП Название Значение
Тип записи a
Библиографический уровень b
001 Контрольный номер RU/IS/BASE/253626896
005 Дата корректировки 20240801130329.8
008 Кодируемые данные 20080114
040 b Код языка каталог. rus
e Правила каталог. PSBO
041 0_ a Код языка текста rus
084 a Индекс другой классификации/Индекс ББК 87.5; 60.000.3; 71
100 1_ a Автор Бажуков В. И.
q Полное имя Бажуков Владимир Иванович
245 10 a Заглавие Антропологический подход к исследованию человека, культуры, общества
504 a Библиография Библиогр. ссылки
650 04 a Основная рубрика культурология
a Основная рубрика социальная философия
a Основная рубрика социология
a Основная рубрика философская антропология (философия человека)
a Основная рубрика философия
653 0_ a Ключевые слова антропологический подход
a Ключевые слова антропологическое знание
a Ключевые слова антропология
a Ключевые слова культура
a Ключевые слова культурная антропология
a Ключевые слова междисциплинарное взаимодействие
a Ключевые слова методология антропологии
a Ключевые слова общество
a Ключевые слова социальная антропология
a Ключевые слова социокультурная антропология
a Ключевые слова физическая антропология
a Ключевые слова человек
a Ключевые слова этнология (этнография)
773 0_ t Заглавие источника Вестник Московского университета. Серия 18, Социология и политология
d Дата издания источника 2007
g Прочая информация № 3. - С. 92 - 104
w Контрольный № источника RU/IS/BASE/250005829
901 t Тип документа b